Indian Economy Key Concepts/ (Record no. 216260)

MARC details
000 -LEADER
fixed length control field 00561nam a22001937a 4500
005 - DATE AND TIME OF LATEST TRANSACTION
control field 20260519110550.0
010 ## - LCCN (DPL NO)
LC control number ENG-148530
020 ## - INTERNATIONAL STANDARD BOOK NUMBER
International Standard Book Number 9789364445962
Terms of availability 375.00
035 ## - SYSTEM CONTROL NUMBER
System control number EN-132062
037 ## - SOURCE OF ACQUISITION
Source of stock number/acquisition DBAD
082 ## - DEWEY DECIMAL CLASSIFICATION NUMBER
Edition number 10
Classification number 330
100 ## - MAIN ENTRY--PERSONAL NAME
Personal name Karuppiah, Sankarganesh
245 ## - TITLE STATEMENT
Title Indian Economy Key Concepts/
Statement of responsibility, etc Sankarganesh Karuppiah
250 ## - EDITION STATEMENT
Edition statement 10
260 ## - PUBLICATION, DISTRIBUTION, ETC. (IMPRINT)
Place of publication, distribution, etc Chennai
Name of publisher, distributor, etc McGraw Hill
Date of publication, distribution, etc 2026
270 ## - ADDRESS
Address 5/90 A, Butt Road, St. Thomas Mount
City Chennai
Postal code 600016
300 ## - PHYSICAL DESCRIPTION
Extent 203p.
Dimensions 24cm(pb)
Other physical details Index
942 ## - ADDED ENTRY ELEMENTS (KOHA)
Source of classification or shelving scheme Dewey Decimal Classification
Item type English Books
Classification part 330
Call number suffix KAR
Edition 10
Holdings
Withdrawn status Lost status Not for loan Collection code Home library Current library Date acquired Source of acquisition Cost, normal purchase price Full call number Barcode Copy number Cost, replacement price Koha item type
      Non-fiction Tri Nagar Tri Nagar 19/05/2026 Delivery of Books Act Division 375.00 330 KAR EN-132062 1 375.00 English Books

© Delhi Public Library
Hit Counter
free hit counter